| 000 | 00598nam a22002057a 4500 | ||
|---|---|---|---|
| 999 |
_c6354 _d6354 |
||
| 003 | OSt | ||
| 005 | 20191021135137.0 | ||
| 008 | 191021b ||||| |||| 00| 0 eng d | ||
| 020 | _a9781451187014 | ||
| 040 | _cDNLM | ||
| 082 | _aWY100 S26s 2009 | ||
| 100 |
_aSparks, Ralph Sheila; Taylor, Cynthia M. _99921 |
||
| 245 | _aSparks and Taylor's Nursing Diagnosis Reference Manual | ||
| 250 | _a9th ed. | ||
| 260 |
_aPhiladelphia; _bWolters kluwer, _c2009 |
||
| 300 |
_axxix,845p; _bCol.ill: _c23cm |
||
| 504 | _aAppendix, & index included | ||
| 650 |
_aNursing diagnosis _96489 |
||
| 942 |
_2z _cO_SHELF |
||